The infrastructure investment plan 2011 (Record no. 113032)

MARC details
000 -LEADER
fixed length control field 00904cad a22002175a 4500
001 - CONTROL NUMBER
control field E154532
008 - FIXED-LENGTH DATA ELEMENTS--GENERAL INFORMATION
fixed length control field 111219e20111214xxka f s000 0 eng d
035 ## - SYSTEM CONTROL NUMBER
System control number (Sirsi) u154532
041 0# - LANGUAGE CODE
Language code of text/sound track or separate title eng
100 1# - MAIN ENTRY--PERSONAL NAME
Personal name Campbell, Allan
245 04 - TITLE STATEMENT
Title The infrastructure investment plan 2011
Remainder of title financial scrutiny unit briefing
Medium [electronic resource]
260 ## - PUBLICATION, DISTRIBUTION, ETC.
Place of publication, distribution, etc. Edinburgh
Name of publisher, distributor, etc. Scottish Parliament
Date of publication, distribution, etc. 2011
490 #0 - SERIES STATEMENT
Series statement SPICe Briefing
Volume/sequential designation (11/86) 14 December 2011
520 ## - SUMMARY, ETC.
Summary, etc. Looks at the recently released Scottisg Government Infrastructure Investment Plan (see E154449) and discusses how the Plan has been received by stakeholders.
521 ## - TARGET AUDIENCE NOTE
Target audience note Advanced
590 ## - LOCAL NOTE (RLIN)
Local note KA
651 #4 - SUBJECT ADDED ENTRY--GEOGRAPHIC NAME
Geographic name Scotland
Chronological subdivision 1999-
690 ## - LOCAL SUBJECT ADDED ENTRY--TOPICAL TERM (OCLC, RLIN)
Topical term or geographic name as entry element PROPERTY-INFRASTRUCTURE
856 40 - ELECTRONIC LOCATION AND ACCESS
Uniform Resource Identifier <a href="https://www.scottish.parliament.uk/ResearchBriefingsAndFactsheets/SB_11-86.pdf">https://www.scottish.parliament.uk/ResearchBriefingsAndFactsheets/SB_11-86.pdf</a>
Public note View the briefing free of charge at www.scottish.parliament.uk
942 ## - ADDED ENTRY ELEMENTS (KOHA)
Suppress in OPAC 0
Holdings
Withdrawn status Lost status Source of classification or shelving scheme Damaged status Not for loan Home library Current library Shelving location Date acquired Total Checkouts Full call number Barcode Date last seen Copy number Price effective from Koha item type
    Dewey Decimal Classification     Virtual Virtual Online 19/12/2011   ONLINE PUBLICATION 154532-2001 06/08/2019 1 06/08/2019 Book